000
00283nam a22001337a 4500
008
181003b xxu||||| |||| 00| 0 eng d
020
_a
723743800002
041
_a
eng
080
_a
612.39
100
_a
10
101
_a
NUT
245
_a
Simply SeaFood
_c
Karm,R
942
_2
udc
_c
BK
999
_c
48829
_d
48829